Score 0/22 Timer 04:00
1 Play Today
Scramble Country % Correct
HANICChina
92.3%
DACAANCanada
91.7%
COOCORMMorocco
88.5%
YUUARGUUruguay
87.8%
ZEILEBBelize
87.7%
VALOIBIBolivia
83.5%
GIANARCUANicaragua
80.9%
SAMAABHBahamas
79.6%
ZNIATAANTanzania
77.7%
GUMBIELBelgium
71.2%
RAINOMARomania
69.7%
Scramble Country % Correct
SLITARUAAAustralia
67.9%
RABIESSerbia
65%
HIRANABBahrain
64%
BUDITIJODjibouti
62.8%
RANGEPIOSSingapore
58.2%
ALBIRIELiberia
57.8%
LAUPAPalau
54.1%
MEANRUISSuriname
54%
UNAVUTAVanuatu
52.1%
CLINSTHEEENITLiechtenstein
50.9%
TIIBARKIKiribati
44.6%

You're not logged in!

Compare scores with friends on all Sporcle quizzes.
OR
Log In

Sporcle TV

Today on Sporcle TV


Watch our educational content, quiz creation guides, and fun videos on Sporcle TV.

Show Comments

Extras

Top Quizzes Today


Score Distribution

Your Account Isn't Verified!

In order to create a playlist on Sporcle, you need to verify the email address you used during registration. Go to your Sporcle Settings to finish the process.

Report this User

Report this user for behavior that violates our Community Guidelines.

Details: